Rapture in death / (Record no. 534016)
[ view plain ]
| 000 -LEADER | |
|---|---|
| fixed length control field | 00916cam a22003013a 4500 |
| 001 - CONTROL NUMBER | |
| control field | 16409504 |
| 003 - CONTROL NUMBER IDENTIFIER | |
| control field | NUST |
| 005 - DATE AND TIME OF LATEST TRANSACTION | |
| control field | 20200128134901.0 |
| 008 - FIXED-LENGTH DATA ELEMENTS--GENERAL INFORMATION | |
| fixed length control field | 960916s1996 nyu 000 1 eng d |
| 010 ## - LIBRARY OF CONGRESS CONTROL NUMBER | |
| LC control number | 97814485 |
| 020 ## - INTERNATIONAL STANDARD BOOK NUMBER | |
| International Standard Book Number | 0425155188 (pbk.) : |
| Terms of availability | $5.99 |
| 035 ## - SYSTEM CONTROL NUMBER | |
| System control number | (OCoLC)ocm35562711 |
| 038 ## - RECORD CONTENT LICENSOR | |
| Staff Name | MSOHAIL |
| 040 ## - CATALOGING SOURCE | |
| Original cataloging agency | UUC |
| Transcribing agency | UUC |
| Modifying agency | OCL |
| -- | DLC |
| 050 00 - LIBRARY OF CONGRESS CALL NUMBER | |
| Classification number | CPB Box no. 519 vol. 3 |
| 082 ## - DEWEY DECIMAL CLASSIFICATION NUMBER | |
| Classification number | 813.54 |
| 100 1# - MAIN ENTRY--PERSONAL NAME | |
| Personal name | Robb, J. D., |
| Dates associated with a name | 1950- |
| 9 (RLIN) | 11420 |
| 245 10 - TITLE STATEMENT | |
| Title | Rapture in death / |
| Statement of responsibility, etc. | J.D. Robb. |
| 250 ## - EDITION STATEMENT | |
| Edition statement | Berkley ed. |
| 260 ## - PUBLICATION, DISTRIBUTION, ETC. | |
| Place of publication, distribution, etc. | New York : |
| Name of publisher, distributor, etc. | Berkley Books, |
| Date of publication, distribution, etc. | 1996. |
| 300 ## - PHYSICAL DESCRIPTION | |
| Extent | 314 p. ; |
| Dimensions | 18 cm. |
| 650 #0 - SUBJECT ADDED ENTRY--TOPICAL TERM | |
| Topical term or geographic name entry element | Policewomen |
| Form subdivision | Fiction. |
| 9 (RLIN) | 11423 |
| 651 #0 - SUBJECT ADDED ENTRY--GEOGRAPHIC NAME | |
| Geographic name | New York (N.Y.) |
| Form subdivision | Fiction. |
| 9 (RLIN) | 4634 |
| 655 #7 - INDEX TERM--GENRE/FORM | |
| Genre/form data or focus term | Romantic suspense fiction. |
| Source of term | gsafd |
| 9 (RLIN) | 5598 |
| 710 2# - ADDED ENTRY--CORPORATE NAME | |
| Corporate name or jurisdiction name as entry element | Copyright Paperback Collection (Library of Congress) |
| Institution to which field applies | DLC |
| 9 (RLIN) | 1743 |
| 906 ## - LOCAL DATA ELEMENT F, LDF (RLIN) | |
| a | 7 |
| b | cbc |
| c | copycat |
| d | 2 |
| e | ncip |
| f | 19 |
| g | y-genrareb |
| 942 ## - ADDED ENTRY ELEMENTS (KOHA) | |
| Source of classification or shelving scheme | |
| Koha item type | Book |
| Withdrawn status | Lost status | Source of classification or shelving scheme | Damaged status | Not for loan | Permanent Location | Current Location | Date acquired | Total Checkouts | Full call number | Barcode | Date last seen | Price effective from | Koha item type |
|---|---|---|---|---|---|---|---|---|---|---|---|---|---|
| School of Civil and Environmental Engineering (SCEE) | School of Civil and Environmental Engineering (SCEE) | 01/28/2020 | 813.54 | NIT-9510 | 01/28/2020 | 01/28/2020 | Book |
